01091nam a2200217 i 450000100060000000300090000600500170001500700030003200800410003508000110007610000400008724503350012726000570046230000220051965000230054170000680056474000500063285200490068299900170073195201250074849313ES-MaACL20251001141542.0t|030714s1875 sp ||||1| spa d a612.681 aCortés y Morales, Balbino.94091110aTesoro de la salud b: novísimo tratado de longevidad humana o El más eficaz sistema para alargar la vida con el espedífico mas simple, saludable y barato que existem compuesto segun las doctrinas y preceptos de los eminentes doctores en medicina Sres. Burggraeve y nuestro Ferrer Gorraiz / cpor Balbino Cortés y Morales. aMadrid : b[s.n.], c1875 (fImp. de J. A. García) a132 p. ; c19 cm.04aLongevidad.9147051 aFerrer Gorraiz Beaumont y Montesa, Vicente, d1718-179291524953 aEl más eficaz sistema para alargar la vida. aES-MaACLjD-1373 z.- Legado M. de la Fuente c49313d49313 001040708LIBXIXaATENEOMbATENEOMcSVId2008-01-17eSCl0oD-1373p901051891r2023-02-23 00:00:00w2023-02-23yMONANT